| 000 | 01064nam a2200325Ia 4500 | ||
|---|---|---|---|
| 003 | OSt | ||
| 005 | 20221007121431.0 | ||
| 006 | a|||||r|||| 00| 0 | ||
| 007 | ta | ||
| 008 | 221006b |||||||| |||| 00| 0 eng d | ||
| 020 | _a9780199292233 (pbk) | ||
| 024 | _a196552 | ||
| 037 |
_b1303, 10/03/2017, Dhanraj Book House _cTextual |
||
| 040 |
_aBDL _cBDL _beng |
||
| 041 |
_2eng _aeng |
||
| 082 | _aI:66, P2:Q4 Carb | ||
| 100 |
_aWillis K J _9710084 |
||
| 245 | 0 |
_aEvolution of plants _b McElwain J C |
|
| 250 | _a2 | ||
| 260 |
_aOxford _bOxford University Press _c2014 |
||
| 300 |
_aix, 398p. ill. _ccm. |
||
| 500 | _aBibliography 333-377p.; Glossary 378-384p.; Index 385-398p. | ||
| 650 |
_a First forests _9711919 |
||
| 650 |
_a Flowering plant origins _9711920 |
||
| 650 |
_a Mass extinctions _9711921 |
||
| 650 |
_aColonization of land _9711922 |
||
| 700 |
_a McElwain J C _9710085 |
||
| 942 |
_hI:66, P2:Q4 Carb _cTEXL _2CC |
||
| 999 |
_c1208878 _d1208878 |
||